000 01236cam a2200373 i 4500
001 2215
003 Mx-PuUPA
005 20250721115008.0
008 140415s1986 sp gr 000 0 spa d
017 _aB-9685-2010
020 _a9788472452473
040 _aMx-PuUPA
_bspa
_cMx-PuUPA
_dMx-PuUPA
_erda
041 1 _aspa
_heng
100 1 _917344
_aDossey, Larry,
_d1940-
_eautor
240 1 0 _aSpace, time and medicine.
_lEspañol
245 1 0 _aTiempo, espacio y medicina /
_cLarry Dossey ; prólogo de Fritjof Capra ; traducción, Pedro de Casso
250 _aQuinta edición /
_bfebrero
264 1 _aBarelona :
_bEditorial Kairós,
_c2010
300 _a359 páginas ;
_c20 cm
336 _2rdacontent
_atexto
_btxt
337 _2rdamedia
_asin medio
_bn
338 _2rdacarrier
_avolumen
_bnc
490 0 _aNueva Ciencia
650 7 _2armarc
_aMedicina
_xFilosofía
650 7 _2armarc
_aSalud
650 7 _2armarc
_aMente y cuerpo
650 7 _2armarc
_aEspacio y tiempo
700 1 _aCapra, Fritjof
_epróloguista
700 1 _aCasso, Pedro de,
_etraductor
765 0 _aDrossey, Larry,
_tSpace, time and medicine.
942 _2ddc
_cLI
_h610.1
_iD7218
999 _c2215
_d2215